Fire in the soul: (Record no. 154812)

MARC details
000 -LEADER
fixed length control field 00491nam a22001817a 4500
005 - DATE AND TIME OF LATEST TRANSACTION
control field 20180726113106.0
010 ## - LCCN (DPL NO)
LC control number ENG-123542
020 ## - INTERNATIONAL STANDARD BOOK NUMBER
Terms of availability 55.00
035 ## - SYSTEM CONTROL NUMBER
System control number EN-107074
037 ## - SOURCE OF ACQUISITION
Source of stock number/acquisition DBAD/PUB
082 ## - DEWEY DECIMAL CLASSIFICATION NUMBER
Classification number 882
100 ## - MAIN ENTRY--PERSONAL NAME
Personal name Kottoor, Gopi Krishnan
245 ## - TITLE STATEMENT
Title Fire in the soul:
Statement of responsibility, etc by Gopi Krishnan Kottoor
260 ## - PUBLICATION, DISTRIBUTION, ETC. (IMPRINT)
Place of publication, distribution, etc Madras
Name of publisher, distributor, etc Great Hawk
270 ## - ADDRESS
Address 24,Commander In.Chief Road,
City Madras
Postal code 600105
300 ## - PHYSICAL DESCRIPTION
Extent 193p.
Dimensions 21cm. (pbk)
942 ## - ADDED ENTRY ELEMENTS (KOHA)
Source of classification or shelving scheme Dewey Decimal Classification
Item type English Books
Classification part 882
Call number suffix KOT
Holdings
Withdrawn status Lost status Not for loan Collection code Home library Current library Date acquired Source of acquisition Cost, normal purchase price Full call number Barcode Copy number Cost, replacement price Koha item type
    Not For Loan Non-fiction D.B.Act.Division Patel Nagar 25/07/2018 DBAD/PUB 55.00 882 KOT EN-107074 1 55.00 English Books

© Delhi Public Library
Hit Counter
free hit counter